[Event "Titled Tuesday intern op 30th May Late"]
[Site "Chess.com INT"]
[Date "2023.05.30"]
[Round "6"]
[White "Najer, Evgeniy"]
[Black "Skaric, Djuro"]
[Result "0-1"]
[WhiteElo "2655"]
[BlackElo "2334"]
[PlyCount "64"]
[EventDate "2023.05.30"]
[EventType "swiss (blitz)"]
[EventRounds "11"]
[EventCountry "USA"]
[SourceTitle "CBM 214 Extra"]
[Source "ChessBase"]
[SourceDate "2023.07.31"]
[SourceVersion "1"]
[SourceVersionDate "2023.07.31"]
[SourceQuality "1"]

1. d4 d6 2. e4 g6 3. Nc3 Bg7 4. Be3 Nf6 5. h3 0-0 6. g4 Nc6 7. f4 e5 8. dxe5 dxe5 9. f5 Nd4 10. Nf3 c5 11. Bg2 Re8 12. 0-0 b5 13. Ne2 Bb7 14. Nd2 gxf5 15. gxf5 Kh8 16. c3 Nxe2+ 17. Qxe2 Qc7 18. Qxb5 Rg8 19. Kh2 a5 20. Qxc5 Qxc5 21. Bxc5 Bh6 22. Be7 Nh5 23. Nc4 Rae8 24. Bh4 Bf4+ 25. Rxf4 Nxf4 26. Bf6+ Rg7 27. Nd6 Rd8 28. Nxf7+ Kg8 29. Bxg7 Rd2 30. Bxe5 Rxg2+ 31. Kh1 Kxf7 32. Bxf4 Bxe4 0-1

[Event "Titled Tuesday intern op 23rd May Late"]
[Site "Chess.com INT"]
[Date "2023.05.23"]
[Round "2"]
[White "Mendes, Aaron Reeve"]
[Black "Najer, Evgeniy"]
[Result "0-1"]
[WhiteElo "1991"]
[BlackElo "2655"]
[PlyCount "84"]
[EventDate "2023.05.23"]
[EventType "swiss (blitz)"]
[EventRounds "11"]
[EventCountry "USA"]
[SourceTitle "EXT 2024"]
[Source "ChessBase"]
[SourceDate "2023.10.10"]
[SourceVersion "1"]
[SourceVersionDate "2023.10.10"]
[SourceQuality "1"]

1. e4 c6 2. c4 d5 3. cxd5 cxd5 4. exd5 Nf6 5. Nc3 Nxd5 6. Nf3 Nc6 7. Bb5 e6 8. 0-0 Be7 9. Qa4 0-0 10. Bxc6 bxc6 11. Qxc6 Bd7 12. Qc4 Rc8 13. Qe2 Bc6 14. d4 Nxc3 15. bxc3 Bd5 16. Qe3 Qa5 17. Bd2 Qa4 18. Rfb1 Bd6 19. Ne5 Rc7 20. h4 Qc2 21. Rc1 Qf5 22. Qe2 f6 23. Ng4 Bc4 24. Qd1 Bd3 25. Ne3 Qf4 26. g3 Qe4 27. Qg4 Ba3 28. Qxe4 Bxe4 29. Re1 Bb2 30. Rad1 Rd8 31. Nc4 Rxc4 32. Rxe4 e5 33. Rb1 Ba3 34. Be3 Bd6 35. f3 f5 36. Bg5 fxe4 37. Bxd8 exf3 38. dxe5 Bxe5 39. Ba5 Bxg3 40. Rd1 Rg4 41. Rd8+ Kf7 42. Kf1 Rxh4 0-1

[Event "Titled Tuesday intern op 23rd May Late"]
[Site "Chess.com INT"]
[Date "2023.05.23"]
[Round "1"]
[White "Najer, Evgeniy"]
[Black "Ferey, Antonin"]
[Result "1-0"]
[WhiteElo "2655"]
[BlackElo "2181"]
[PlyCount "47"]
[EventDate "2023.05.23"]
[EventType "swiss (blitz)"]
[EventRounds "11"]
[EventCountry "USA"]
[SourceTitle "EXT 2024"]
[Source "ChessBase"]
[SourceDate "2023.10.10"]
[SourceVersion "1"]
[SourceVersionDate "2023.10.10"]
[SourceQuality "1"]

1. d4 Nf6 2. c4 g6 3. Nc3 Bg7 4. e4 d6 5. Be2 0-0 6. Be3 e5 7. d5 a5 8. g4 Ne8 9. Qd2 Na6 10. 0-0-0 Nc5 11. h4 f5 12. exf5 gxf5 13. g5 b6 14. f4 e4 15. Nh3 Kh8 16. h5 h6 17. Rhg1 Qe7 18. gxh6 Bxh6 19. Rg6 Kh7 20. Rdg1 Nf6 21. Bd4 Rf7 22. Rxh6+ Kxh6 23. Rg6+ Kh7 24. Ng5+ 1-0

[Event "RUS-chT 30th"]
[Site "Sochi"]
[Date "2023.05.09"]
[Round "8.1"]
[White "Artemiev, Vladislav"]
[Black "Najer, Evgeniy"]
[Result "1-0"]
[WhiteElo "2701"]
[BlackElo "2655"]
[PlyCount "83"]
[EventDate "2023.05.01"]
[EventType "team-tourn"]
[EventRounds "9"]
[EventCountry "RUS"]
[SourceTitle "EXT 2024"]
[Source "ChessBase"]
[SourceDate "2023.10.10"]
[SourceVersion "1"]
[SourceVersionDate "2023.10.10"]
[SourceQuality "1"]
[WhiteTeam "Tatarstan Ladya"]
[BlackTeam "Moscow Team"]
[WhiteTeamCountry "RUS"]
[BlackTeamCountry "RUS"]

1. Nf3 d5 2. g3 c5 3. Bg2 Nf6 4. 0-0 e6 5. c4 d4 6. e3 Nc6 7. exd4 cxd4 8. d3 h6 9. Na3 Bxa3 10. bxa3 0-0 11. Re1 Re8 12. Bf4 Ng4 13. Ne5 Ngxe5 14. Bxe5 Nxe5 15. Rxe5 Qc7 16. Qh5 Bd7 17. Rae1 Bc6 18. f4 Bxg2 19. Kxg2 Qd6 20. Qf3 Qxa3 21. R1e2 a6 22. f5 Rad8 23. f6 b5 24. c5 Qc1 25. Re1 Qd2+ 26. R1e2 Qc1 27. fxg7 Kxg7 28. Rf2 Rd7 29. Rf1 Qd2+ 30. Rf2 Qc1 31. Qe2 Rc8 32. Rf1 Qa3 33. Qg4+ Kh7 34. Qe4+ Kg7 35. Qg4+ Kh7 36. c6 Rdc7 37. Rf6 Qxa2+ 38. Kh3 Qd2 39. Rh5 Rh8 40. Qe4+ Kg8 41. Qxd4 Qd1 42. Rh4 1-0